| 000 | 00527nam a2200169 a 4500 | ||
|---|---|---|---|
| 005 | 20140412111300.0 | ||
| 008 | 000831s19uu xx 00 eng d | ||
| 020 | _a0-8037-1073-9 | ||
| 050 |
_aBB _bDa27 1980 |
||
| 100 | _aNoble, Trinka Hakes | ||
| 245 |
_aThe Day Jimmy's Boa ate the wash / _cby Trinka Hakes NOble; pictures by Steven Kellogg. |
||
| 260 |
_aNew York : _bDial Books for Young Readers. |
||
| 300 | _a1 v. (unp.) ; ill. | ||
| 440 | _aA Pied Piper Giant | ||
| 650 | _aSnakes stories-Fiction | ||
| 999 |
_c103341 _d103341 |
||